000 00772nam a2200205Ia 4500
005 20241129105846.0
008 241129s9999||||xx |||||||||||||| ||und||
037 _aTB
040 _aARTS
_bpun
_cARTS
041 _apun
_2pun
084 _aO153,3:gN R3
_qARTS
100 _aਥਾਪਰ, ਪ੍ਰਿਥਵੀਰਾਜ, ਚ।
245 0 _aਸਮਕਾਲੀ ਪੰਜਾਬੀ ਨਾਵਲ ਸਮੀਖਿਆ ਅਤੇ ਸੰਵਾਦ
_cਥਾਪਰ, ਪ੍ਰਿਥਵੀਰਾਜ, ਚ।
260 _aਦਿੱਲੀ, ਭਾਰਤ
_bਦਿੱਲੀ ਮਨਪ੍ਰੀਤ ਪ੍ਰਕਾਸ਼ਨ
_c2023
300 _a240ਪ੍ਰ0
365 _aINR
_b695
650 _aPunjai Fiction
_9726518
942 _cTB
_hO153,3:gN R3
999 _c1226310
_d1226310